000
00303nam a22001337a 4500
008
170615b xxu||||| |||| 00| 0 eng d
020
_a
0130463019
041
_a
eng
080
_a
94(100)
100
_a
18
101
_a
SHP
245
_a
THE AEMS RACE AND NUCLEAR WAR
_c
EVAN.W.M
942
_2
udc
_c
BK
999
_c
17580
_d
17580